International electronic counter measures handbook (Record no. 569034)
[ view plain ]
| 000 -LEADER | |
|---|---|
| fixed length control field | 00737nam a22001817a 4500 |
| 003 - CONTROL NUMBER IDENTIFIER | |
| control field | CEME |
| 005 - DATE AND TIME OF LATEST TRANSACTION | |
| control field | 20210628202237.0 |
| 008 - FIXED-LENGTH DATA ELEMENTS--GENERAL INFORMATION | |
| fixed length control field | 210210b xxu||||| |||| 00| 0 eng d |
| 020 ## - INTERNATIONAL STANDARD BOOK NUMBER | |
| International Standard Book Number | 1-58053-898-3 |
| 040 ## - CATALOGING SOURCE | |
| Transcribing agency | . |
| 082 ## - DEWEY DECIMAL CLASSIFICATION NUMBER | |
| Classification number | 623.043 INT |
| 100 ## - MAIN ENTRY--PERSONAL NAME | |
| Personal name | Puttre, Charles.C |
| 9 (RLIN) | 58971 |
| 245 ## - TITLE STATEMENT | |
| Title | International electronic counter measures handbook |
| 260 ## - PUBLICATION, DISTRIBUTION, ETC. | |
| Place of publication, distribution, etc. | NORWOOD |
| Name of publisher, distributor, etc. | ARTECH HOUSE |
| Date of publication, distribution, etc. | 2004 |
| 300 ## - PHYSICAL DESCRIPTION | |
| Extent | 186P |
| 650 ## - SUBJECT ADDED ENTRY--TOPICAL TERM | |
| Topical term or geographic name entry element | ELECTRONIC COUNTER MEASURES HANDBOOK.ACRONYMS.ESM AND SIGINT SYSTEMS.ELECTRONIC ATTACK.SELFPROTECTION JAMMERS.WARNING SYSTEMS.DECOY SYSTEMS.INTEGRATED SELF PROTECTION SUITES.GUIDED THREAT SYSTEMS.AIR DEFENCE MISSILE.ANTI TANK GUIDED MUNITIONS.ANTISHIP MISSILE.ANTI RADAR MISSILE. |
| 9 (RLIN) | 58972 |
| 942 ## - ADDED ENTRY ELEMENTS (KOHA) | |
| Koha item type | Book |
| Source of classification or shelving scheme | |
| Withdrawn status | Lost status | Damaged status | Not for loan | Permanent Location | Current Location | Shelving location | Date acquired | Total Checkouts | Full call number | Barcode | Date last seen | Price effective from | Koha item type |
|---|---|---|---|---|---|---|---|---|---|---|---|---|---|
| College of Electrical & Mechanical Engineering (CEME) | College of Electrical & Mechanical Engineering (CEME) | Reference | 07/17/2017 | 623.043 INT | CEME-40898 | 06/28/2021 | 06/28/2021 | Book |
